Ľudové hudobné nástroje [zo zbierok Etnografického ústavu Slovenského národného múzea v Martine]
| Main Author: | |
|---|---|
| Format: | Book |
| Language: | Slovak English German Russian |
| PhysicalDescription: | 12 nečíslovaných strán, 18 nečíslovaných fotografií farebné fotografie 20 cm |
| Published: |
Martin
Osveta
1980
|
| Edition: | 1. vyd. |
| Subjects: |
MARC
| LEADER | 00000cam a2200000 a 4500 | ||
|---|---|---|---|
| 001 | vtls001110109 | ||
| 003 | SK-MaSNL | ||
| 005 | 20260426011003.0 | ||
| 008 | 240226s1980 xo o gr 000 0 slo | ||
| 015 | |a SNBA1980 | ||
| 020 | |q (brožované) | ||
| 035 | |a SNK000052951 | ||
| 035 | |a B83AB95F-2E5D-49C0-B65D-7C545DB9E99D | ||
| 035 | |a urn:nbn:sk:snk-am00iedk | ||
| 040 | |a SNK |b slo |c SNK |e AACR2 | ||
| 041 | 0 | |a slo |a eng |a ger |a rus | |
| 043 | |a e-xo--- | ||
| 044 | |a xo |c SK | ||
| 072 | 7 | |a 780.6 |x Hudobné nástroje a príslušenstvo |2 konspekt | |
| 080 | |a 681.8:391(437.6)(084.12) |2 1997 | ||
| 080 | |a 391(437.6)(084.12) |2 1997 | ||
| 080 | |a 391 |2 1997 | ||
| 080 | |a 681.8(437.6)(084.12) |2 1997 | ||
| 080 | |a 780.6 |2 2011 | ||
| 080 | |a (437.6) |2 2011 | ||
| 080 | |a (084.12) |2 2011 | ||
| 080 | |a 069.5 |2 2011 | ||
| 100 | 1 | |a Strelec, Karol J., |d 1946-2023 |4 aut |9 223845 | |
| 245 | 1 | 0 | |a Ľudové hudobné nástroje |b [zo zbierok Etnografického ústavu Slovenského národného múzea v Martine] |c [texty napísal Karol Strelec ; fotografie vyhotovil Ivan Darula] |
| 250 | |a 1. vyd. | ||
| 260 | |a Martin |b Osveta |c 1980 |e Martin |f Tlačiarne SNP | ||
| 300 | |a 12 nečíslovaných strán, 18 nečíslovaných fotografií |b farebné fotografie |c 20 cm | ||
| 366 | |e 10000 výtl. | ||
| 500 | |a Dokument v prebale. Názov z obálky. Vydané pre Etnografický ústav Slovenského národného múzea v Martine | ||
| 546 | |a Súbežné názvy a texty v angličtine, nemčine a ruštine | ||
| 600 | 2 | 7 | |a Etnografický ústav (Martin, Slovensko) |2 SNKKA |9 678334 |
| 650 | 0 | 7 | |a ľudové hudobné nástroje |2 SNKPH |9 28790 |
| 650 | 0 | 7 | |a múzejné zbierky |2 SNKPH |9 69988 |
| 651 | 7 | |a Slovensko |2 SNKPHgeo |9 14231 | |
| 655 | 7 | |a fotografické publikácie |2 SNKPH |9 70483 | |
| 655 | 7 | |a fotosúbory |2 SNKPH |9 76380 | |
| 700 | 1 | |a Darula, Ivan |4 oth |9 278157 | |
| 710 | 2 | |a Slovenské národné múzeum. |b Etnografický ústav |4 pbl |9 94625 | |
| 852 | |a Slovenská národná knižnica | ||
| 954 | |a iná literatúra (príručky, kuchárske knihy, hobby literatúra, sprievodcovia) pôvodná (slovenská) | ||
| 958 | |a OND | ||
| 958 | |a BQ | ||
| 958 | |a TL | ||
| 958 | |a EUIPO | ||
| 999 | |c 1050467 |d 1052397 | ||
| 952 | |t P60, <04>, [BOOK], {604} |a SNK |b SNK |y PREZ |7 0 |p 17A0090432 |o snkSC 50546 D1 |3 21 voľ. listov |0 0 |1 0 |4 0 |d 1997-08-19 |l 0 |r 2004-12-31 00:00:00 |w 2026-02-24 | ||
| 952 | |a SNK |b SNK |y PREZ |7 0 |p 17A0849748 |o snkSC 50546 |i snkKSP 7736/80 |0 0 |1 0 |4 0 |d 2012-08-01 |f 1 |l 0 |r 2025-11-03 00:00:00 |w 2026-02-24 | ||


